| 000 | 00366cam a2200145ua 4500 | ||
|---|---|---|---|
| 041 |
_amal _h |
||
| 082 |
_a894.812308 _bAYY/PA |
||
| 100 | _aAyyar, S.S.P . | ||
| 245 |
_aPadayottam / _cS.S.P Ayyar. _hTextual Documents |
||
| 260 |
_aQuilon : _bSree Rama Vilasam Press & Book Depot , _c1947. |
||
| 300 | _a214 ; . | ||
| 504 | _a | ||
| 942 | _cBK | ||
| 999 |
_c6077 _d6077 |
||